000 00735nam a2200229Ii 4500
003 JO-AjNU
008 230605s9999||||xx |||||||||||||| ||und||
017 _a2005/1978
020 _a977-327-541-8
040 _aJO-AjNU
_bara
_erda
_cJO-AjNU
041 _aara
050 1 4 _aZ6605 2004
100 3 _aحربي ، خالد ,
_eauthor
_911832
245 0 0 _aالتراث المخطوط رؤية معرفية في التبصير والفهم 2 المنطق
250 _aط1
264 3 1 _aالاسكندرية :دار الوفاء للنشر ،2004
300 _a203ص
336 _atext
_btxt
_2rdacontent
337 _aunmediated
_bn
_2rdamedia
338 _avolume
_bnc
_2rdacarrier
650 4 _aالتراث المخطوط
_911833
999 _aA2526
_c6094
_d6094